• 首页
  • 本馆介绍
  • 公告通知
  • 最新文献
  • 馆藏检索
  • 电子资源
  • 读者导购
  • 参考咨询
  • 我的图书馆
  • 登录
  • 详细信息显示
  • 放入我的书架
  • 预约/预借图书
  • 作者相关作品
  • 分类相关作品
  • 丛书相关作品
  • 出版社相关作品

书目信息

  • 表格格式
  • 工作单格式
  • 卡片格式
题名:
舒伯特歌曲选
    
 
作者: 舒伯特 作曲 ;蒋英 , 邓映易 编
分册:  
出版信息: 北京   人民音乐出版社  2004
页数: 212页
开本: 30cm
丛书名:
单 册:
中图分类: J652(521)
科图分类:
主题词: 歌曲 , 歌曲--奥地利--近代--选集
电子资源:
ISBN: 7-103-02716-1
000 00809ncm0 2200253 450
001 002591888
005 20070820110425.39
010    @a7-103-02716-1@dCNY27.50
100    @a20040304d2004 em y0chiy0110 ea
101 2  @achi@ager@cger
102    @aCN@b110000
105    @ay g 000yy
200 1  @a舒伯特歌曲选@9shu bo te ge qu xuan@f[(奥)舒伯特(Schubert)作曲]@g蒋英编@g邓映易等译配
210    @a北京@c人民音乐出版社@d2004
215    @a212页@d30cm
510 1  @aSelected Songs of Schubert@zeng
606 0  @a歌曲
606 0  @a歌曲@y奥地利@z近代@j选集
690    @aJ652(521)@v4
701  0 @c(奥)@a舒伯特@9shu bo te@c(Schubert, Franz@f1797~1828)@4作曲
702  0 @a蒋英@9jiang ying@4编
702  0 @a邓映易@9deng ying yi deng yi pei@4译配
801  0 @aCN@bNLC@c20070820
905    @a10447@dJ652(521)@e423
    
    舒伯特歌曲选/[(奥)舒伯特(Schubert)作曲]/蒋英编/邓映易等译配.-北京:人民音乐出版社,2004
    212页;30cm
    
    
    ISBN 7-103-02716-1:CNY27.50
    
●
相关链接 在E读中查询图书 在五车中查询图书 在当当中查询图书 在豆瓣中查询图书


正题名:舒伯特歌曲选     索取号:J652(521)/423         预约/预借

序号 登录号 条形码 馆藏地/架位号 状态 备注
1 0806356   208063566   第一样本阅览室/ [索取号:J652(521)/423] 在馆    
2 0806357   208063575   第一借阅区/ [索取号:J652(521)/423] 在馆    
3 0806358   208063584   第一借阅区/ [索取号:J652(521)/423] 在馆    
4 0806359   208063593   第一借阅区/ [索取号:J652(521)/423] 在馆    
5 0806360   208063600   密集书库-音乐系/ [索取号:J652(521)/423] 在馆    
唐山师范学院图书馆 欢迎您!
大连网信软件有限公司© 版权所有